Grundfragen der Philosophie: Geschichte, Wahrheit, Wissenschaft
| Main Author: | |
|---|---|
| Format: | Print Book |
| Language: | German |
| Subito Delivery Service: | Order now. |
| Check availability: | HBZ Gateway |
| WorldCat: | WorldCat |
| Interlibrary Loan: | Interlibrary Loan for the Fachinformationsdienste (Specialized Information Services in Germany) |
| Published: |
Frankfurt am Main
Klostermann
1965
|
| In: | Year: 1965 |
| Edition: | 2., durchges. Aufl. |
| Standardized Subjects / Keyword chains: | B
Philosophy
/ Truth
B Philosophy / Science B Philosophy / History B Heidegger, Martin 1889-1976 B Jaspers, Karl 1883-1969 |
| Further subjects: | B
History
Philosophy
B Philosophy |
MARC
| LEADER | 00000cam a2200000 c 4500 | ||
|---|---|---|---|
| 001 | 1071152068 | ||
| 003 | DE-627 | ||
| 005 | 20251224214641.0 | ||
| 007 | tu | ||
| 008 | 850101s1965 xx ||||| 00| ||ger c | ||
| 035 | |a (DE-627)1071152068 | ||
| 035 | |a (DE-576)001152068 | ||
| 035 | |a (DE-599)BSZ001152068 | ||
| 035 | |a (OCoLC)00976669 | ||
| 035 | |a (DE-604)8028908929 | ||
| 040 | |a DE-627 |b ger |c DE-627 |e rakwb | ||
| 041 | |a ger | ||
| 082 | 0 | |a 100 | |
| 084 | |a 1 |2 ssgn | ||
| 084 | |a MB 3200 |2 rvk |0 (DE-625)rvk/122311: | ||
| 084 | |a CC 1100 |2 rvk |0 (DE-625)rvk/17603: | ||
| 084 | |a BF 6130 |2 rvk |0 (DE-625)rvk/11090:11596 | ||
| 084 | |a CB 4000 |2 rvk |0 (DE-625)rvk/17583: | ||
| 100 | 1 | |0 (DE-588)118724703 |0 (DE-627)079506127 |0 (DE-576)209345772 |4 aut |a Krüger, Gerhard |d 1902-1972 | |
| 109 | |a Krüger, Gerhard 1902-1972 |a Krueger, Gerhard 1902-1972 |a Krüger, Gerhard Karl Paul 1902-1972 | ||
| 191 | |a 1 | ||
| 245 | 1 | 0 | |a Grundfragen der Philosophie |b Geschichte, Wahrheit, Wissenschaft |c Gerhard Krüger |
| 250 | |a 2., durchges. Aufl. | ||
| 264 | 1 | |a Frankfurt am Main |b Klostermann |c 1965 | |
| 300 | |a XII, 287 S. | ||
| 336 | |a Text |b txt |2 rdacontent | ||
| 337 | |a ohne Hilfsmittel zu benutzen |b n |2 rdamedia | ||
| 338 | |a Band |b nc |2 rdacarrier | ||
| 650 | 0 | |a History |x Philosophy | |
| 650 | 0 | |a Philosophy | |
| 689 | 0 | 0 | |d s |0 (DE-588)4045791-6 |0 (DE-627)106200259 |0 (DE-576)209066873 |2 gnd |a Philosophie |
| 689 | 0 | 1 | |d s |0 (DE-588)4064314-1 |0 (DE-627)106124323 |0 (DE-576)209152680 |2 gnd |a Wahrheit |
| 689 | 0 | |5 (DE-627) | |
| 689 | 1 | 0 | |d s |0 (DE-588)4045791-6 |0 (DE-627)106200259 |0 (DE-576)209066873 |2 gnd |a Philosophie |
| 689 | 1 | 1 | |d s |0 (DE-588)4066562-8 |0 (DE-627)104393998 |0 (DE-576)209165138 |2 gnd |a Wissenschaft |
| 689 | 1 | |5 (DE-627) | |
| 689 | 2 | 0 | |d s |0 (DE-588)4045791-6 |0 (DE-627)106200259 |0 (DE-576)209066873 |2 gnd |a Philosophie |
| 689 | 2 | 1 | |d s |0 (DE-588)4020517-4 |0 (DE-627)106317768 |0 (DE-576)208933697 |2 gnd |a Geschichte |
| 689 | 2 | |5 (DE-627) | |
| 689 | 3 | 0 | |d p |0 (DE-588)118547798 |0 (DE-627)134177045 |0 (DE-576)208952551 |2 gnd |a Heidegger, Martin |d 1889-1976 |
| 689 | 3 | |5 (DE-627) | |
| 689 | 4 | 0 | |d p |0 (DE-588)118557106 |0 (DE-627)134295617 |0 (DE-576)161578454 |2 gnd |a Jaspers, Karl |d 1883-1969 |
| 689 | 4 | |5 (DE-627) | |
| 935 | |a mteo | ||
| 936 | r | v | |a MB 3200 |b Politik und Psychologie |k Politologie |k Grundlagen und Selbstverständnis des Faches |k Beziehungen der Politik zu anderen Disziplinen und Bereichen. Politik und Wissenschaft |k Politik und Psychologie |0 (DE-627)1271424312 |0 (DE-625)rvk/122311: |0 (DE-576)201424312 |
| 936 | r | v | |a CC 1100 |b Untersuchungen zur Philosophie |k Philosophie |k Systematische Philosophie |k Untersuchungen zur Philosophie |0 (DE-627)127063867X |0 (DE-625)rvk/17603: |0 (DE-576)20063867X |
| 936 | r | v | |a BF 6130 |b Werke |k Theologie und Religionswissenschaften |k Philosophie |k Quellen zur Philosophiegeschichte |k Neueste Zeit (ab ca. 1850) |k Autoren K |k Krüger, Gerhard |k Werke |0 (DE-627)1270721186 |0 (DE-625)rvk/11090:11596 |0 (DE-576)200721186 |
| 936 | r | v | |a CB 4000 |b Einführungen in die Philosophie |k Philosophie |k Allgemeines |k Lexika, Nachschlagewerke, Enzyklopädien, Gesammelte Abhandlungen |k Einführungen in die Philosophie |0 (DE-627)1270638548 |0 (DE-625)rvk/17583: |0 (DE-576)200638548 |
| 951 | |a BO | ||
| ELC | |b 1 | ||
| ITA | |a 1 | ||
| LOK | |0 000 xxxxxcx a22 zn 4500 | ||
| LOK | |0 001 2008214052 | ||
| LOK | |0 003 DE-627 | ||
| LOK | |0 004 1071152068 | ||
| LOK | |0 005 20100408000030 | ||
| LOK | |0 008 990924||||||||||||||||ger||||||| | ||
| LOK | |0 040 |a DE-21-31 |c DE-627 |d DE-21-31 | ||
| LOK | |0 541 |e 28749 | ||
| LOK | |0 852 |a DE-21-31 | ||
| LOK | |0 852 1 |c Fc V 810 b/2 |m p |9 00 | ||
| LOK | |0 938 |k p | ||
| LOK | |0 939 |a 24-09-99 |b l01 | ||
| ORI | |a SA-MARC-ixtheoa001.raw | ||
| REF | |a Philosophiegeschichte,Wissenschaftsgeschichte | ||
| REL | |a 1 | ||
| STA | 0 | 0 | |a History,History,History in art,Philosophy,Philosophy in literature,Science,Science,Science in art,Truth,Truth,Aletheia |
| STB | 0 | 0 | |a Histoire,Histoire,Histoire,Philosophie,Philosophie,Science,Science,Vérité,Vérité |
| STC | 0 | 0 | |a Ciencia,Ciencia,Ciencias,Filosofía,Filosofía,Historia,Historia,Historia,Verdad,Verdad |
| STD | 0 | 0 | |a Filosofia,Filosofia,Scienza <motivo>,Scienza,Sapere,Sapere,Sapere (motivo),Sapere,Storia,Storia,Verità,Verità |
| STE | 0 | 0 | |a 历史,史,哲学,真理,真理,科学,科学,学科,学科 |
| STF | 0 | 0 | |a 哲學,歷史,史,真理,真理,科學,科學,學科,學科 |
| STG | 0 | 0 | |a Ciência,Ciência,Filosofia,Filosofia,História,História,Verdade,Verdade |
| STH | 0 | 0 | |a История (мотив),История,Наука (мотив),Наука,Правда (мотив),Правда,Философия (мотив),Философия |
| STI | 0 | 0 | |a Αλήθεια (μοτίβο),Αλήθεια,Επιστήμη (μοτίβο),Επιστήμη,Ιστορία (μοτίβο),Ιστορία,Φιλοσοφία (μοτίβο),Φιλοσοφία |
| SUB | |a REL | ||
| SYG | 0 | 0 | |a Philosophy,Philosophieren , Die Wahrheit , Philosophy,Philosophieren , Wissenschaften,Science,Bürgerliche Wissenschaft,Wissenschaften , Philosophy,Philosophieren , History,Geschichtliche Epoche,Historical development,Historische Entwicklung,Landesgeschichte,Regionalgeschichte,Ortsgeschichte,Zeitgeschichte , Haidege, Mading,1889-1976,Heidegger, M.,1889-1976,Haidegga,1889-1976,Haidegger, Martin,1889-1976,Chajdegger, M.,1889-1976,Chajdeger, Martin,1889-1976,Haideggā,1889-1976,Heidegeris, Martynas,1889-1976,Heidegers, Martins,1889-1976,Haidege'er, M.,1889-1976,Haidege'er,1889-1976,Haidegeri, Martin,1889-1976,Chaintenger, Martin,1889-1976,Chaïntenger, Martin,1889-1976,Haidegŏ, Marŭt'in,1889-1976,Haidege'er, Mading,1889-1976,Mading-Heidege'er,1889-1976,Mading-Haidege,1889-1976,Haidegŏ, M.,1889-1976,Haidigir, Mārtīn,1889-1976,Haidetugā, Marutein,1889-1976,Hāydigir, Mārtīn,1889-1976,Haidiǧir, Mārtin,1889-1976,Haidiġir, Mārtin,1889-1976,Haideggā, Marutein,1889-1976,Haidegā, Marutein,1889-1976,Haideggā, Marutin,1889-1976,Haydiger, Marṭin,1889-1976,Haidegā, M.,1889-1976,Hajdegger, Martin,1889-1976,Ma ding Hai de ge er,1889-1976,Mading-Haidegeer,1889-1976,Haidegeer, Mading,1889-1976,Hai de ge er,1889-1976,Haidegeer,1889-1976,Ma leu tin Ha i de geo,1889-1976,Maleutin-Haidegeo,1889-1976,Haidegeo, Maleutin,1889-1976,Heydeger,1889-1976,Hajdeger, Martin,1889-1976,Chajdegger, Martin,1889-1976,Haidegā,1889-1976,Heidegger,1889-1976,Khajdeggjer, Martin,1889-1976,Hajdėgger, Martin,1889-1976 , Jaspers, Karl Theodor,1883-1969,Jaspers, K.,1883-1969,Jaspers, Carl,1883-1969,Jaspersas, Karlas,1883-1969,Giaspers, Karl,1883-1969,Yâspers, Qârl,1883-1969,Yaspers, Ḳarl,1883-1969,Yāspars, Kārl,1883-1969,Yasŭp'ŏsŭ, K.,1883-1969,Yasŭp'ŏsŭ, K'al,1883-1969,Ka er Ya si bei er si,1883-1969,Kaer-Yasibeiersi,1883-1969,Yasibeiersi, Kaer,1883-1969,Yasibeiersi,1883-1969,Ya si bei er si,1883-1969,Yasibeisi, Ka'er,1883-1969,Ka'er-Yasibeisi,1883-1969,Yasǔp'ǒsǔ, K'al,1883-1969,Yasupāsu, Kāru,1883-1969,Yāspirs, Kārl,1883-1969,Yashipei,1883-1969,Ya, Shipei,1883-1969,Ya, Shi pei,1883-1969,Ya shi pei,1883-1969,Ya Shipei,1883-1969 |



